| Tag |
First Indicator |
Second Indicator |
Subfields |
| LEADER |
00000cam a22000007i 4500 |
| 001 |
in00004808317 |
| 008 |
090326s2002 enka b 001 0 eng d |
| 005 |
20240807184041.2 |
| 010 |
|
|
|a 2009379563
|
| 035 |
|
|
|a (OCoLC)ocm51338422
|
| 040 |
|
|
|a CVM
|b eng
|e rda
|c DLC
|d CVM
|d OCLCF
|d OCLCO
|d OCLCQ
|d G7G
|d OCLCQ
|d OCLCO
|d OCLCL
|
| 020 |
|
|
|a 1902536479
|
| 020 |
|
|
|a 9781902536477
|
| 029 |
1 |
|
|a AU@
|b 000024522108
|
| 029 |
1 |
|
|a NLGGC
|b 241264642
|
| 035 |
|
|
|a (OCoLC)51338422
|
| 042 |
|
|
|a lccopycat
|
| 050 |
0 |
0 |
|a VM751
|b .W68 2002
|
| 082 |
0 |
4 |
|a 621.31
|2 20
|
| 049 |
|
|
|a MAIN
|
| 100 |
1 |
|
|a Woud, Hans Klein,
|e author
|
| 245 |
1 |
0 |
|a Design of propulsion and electric power generation systems /
|c Hans Klein Woud and Douwe Stapersma.
|
| 264 |
|
1 |
|a London :
|b IMarEST, Institute of Marine Engineering, Science and Technology,
|c 2002.
|
| 300 |
|
|
|a xviii, 494 pages :
|b illustrations ;
|c 25 cm
|
| 336 |
|
|
|a text
|b txt
|2 rdacontent
|
| 337 |
|
|
|a unmediated
|b n
|2 rdamedia
|
| 338 |
|
|
|a volume
|b nc
|2 rdacarrier
|
| 504 |
|
|
|a Includes bibliographical references and index.
|
| 505 |
0 |
|
|a Nomenclature -- Introduction to marine engineering -- Underlying physical principles -- Propulsion and electric power -- Energy conversion -- Power plant concepts -- An overview of main machinery -- Diesel engines -- Gas turbines -- Electrical components -- Propellers -- Matching propulsion engine to propeller -- Ship fuel consumption and exhaust emission.
|
| 590 |
|
|
|b TAG Physical Holdings 2
|
| 650 |
|
0 |
|a Ship propulsion.
|0 http://id.loc.gov/authorities/subjects/sh85121546
|
| 650 |
|
0 |
|a Ships
|x Fuel.
|0 http://id.loc.gov/authorities/subjects/sh85121608
|
| 650 |
|
0 |
|a Marine engineering.
|0 http://id.loc.gov/authorities/subjects/sh85081157
|
| 650 |
|
0 |
|a Gas-turbine power-plants.
|0 http://id.loc.gov/authorities/subjects/sh85053350
|
| 650 |
|
0 |
|a Propellers.
|0 http://id.loc.gov/authorities/subjects/sh85107486
|
| 650 |
|
6 |
|a Navires
|x Propulsion.
|
| 650 |
|
6 |
|a Mécanique navale.
|
| 650 |
|
6 |
|a Centrales à turbines à gaz.
|
| 650 |
|
6 |
|a Hélices.
|
| 650 |
|
7 |
|a marine engineering.
|2 aat
|
| 650 |
|
7 |
|a gas-turbine power plants.
|2 aat
|
| 650 |
|
7 |
|a Gas-turbine power-plants.
|2 fast
|0 (OCoLC)fst00938536
|
| 650 |
|
7 |
|a Marine engineering.
|2 fast
|0 (OCoLC)fst01009532
|
| 650 |
|
7 |
|a Propellers.
|2 fast
|0 (OCoLC)fst01079087
|
| 650 |
|
7 |
|a Ship propulsion.
|2 fast
|0 (OCoLC)fst01116190
|
| 650 |
|
7 |
|a Ships
|x Fuel.
|2 fast
|0 (OCoLC)fst01116498
|
| 650 |
|
7 |
|a Electric propulsion.
|2 sigle
|
| 650 |
|
7 |
|a Marine engineering.
|2 sigle
|
| 700 |
1 |
|
|a Stapersma, Douwe.
|
| 758 |
|
|
|i has work:
|a Design of propulsion and electric power generation systems (Text)
|1 https://id.oclc.org/worldcat/entity/E39PCG6J6Yg7GRf8KC9KvKGKBd
|4 https://id.oclc.org/worldcat/ontology/hasWork
|
| 776 |
0 |
8 |
|i Online version:
|a Woud, Hans Klein.
|t Design of propulsion and electric power generation systems.
|d London : IMarEST, Institute of Marine Engineering, Science and Technology, 2002
|w (OCoLC)1198708950
|
| 994 |
|
|
|a 92
|b TAG
|
| 852 |
|
|
|a TAG
|b TAGC
|c galv,stk
|h VM751 .K5 2002
|t c.1
|
| 876 |
|
|
|c 98.39
|p 33620001051750
|x Acc# 2004-1151
|v unmediated -- volume
|
| 999 |
f |
f |
|s 48a6bf04-07e9-4b44-9c28-76812489178b
|i 74dce42c-ec0a-44ae-b69b-064a9580a74b
|t 0
|
| 952 |
f |
f |
|p normal
|a Texas A&M University
|b Galveston Campus
|c Jack K. Williams Library
|d Galveston Stacks
|t 0
|e VM751 .K5 2002
|h Library of Congress classification
|i unmediated -- volume
|m 33620001051750
|
| 998 |
f |
f |
|a VM751 .K5 2002
|t 0
|l Galveston Stacks
|